书目信息 |
| 题名: |
爱情故事
|
|
| 作者: | 西格尔 , Segal , E·西格尔 著 ;舒今 译 | |
| 分册: | ||
| 出版信息: | 上海 上海译文出版社 1989.4 |
|
| 页数: | 277页 | |
| 开本: | 19cm | |
| 丛书名: | 英汉对照世界文学丛书 | |
| 单 册: | ||
| 中图分类: | H319.4 , H319.5 | |
| 科图分类: | ||
| 主题词: | 小说--美国--现代--对照读物--英、中 | |
| 电子资源: | ||
| ISBN: | 7-5327-0197-2 | |
| 000 | 00911nam2 2200301 45 | |
| 001 | 0190016788 | |
| 005 | 20060607094538.92 | |
| 010 | @a7-5327-0197-2@dCNY2.80 | |
| 100 | @a19921223d1989 em y0chiy0121 ea | |
| 101 | 2 | @achi@aeng |
| 102 | @aCN@b310000 | |
| 105 | @ay z 000ay | |
| 200 | 10 | @a爱情故事@AAI QING GU SHI@zeng@e改写本@f(美)E·西格尔著@F(mei)E·xi ge er zhu@g舒 今译 |
| 210 | @a上海@c上海译文出版社@d1989.4 | |
| 215 | @a277页@d19cm | |
| 225 | 2 | @a英汉对照世界文学丛书@v第六辑 |
| 410 | 0 | @120010@a英汉对照世界文学丛书@v第六辑 |
| 510 | 1 | @aLove story@zeng |
| 540 | 1 | @a爱情 故事@AAI QING GU SHI |
| 606 | @a小说@y美国@z现代@x对照读物@x英、中 | |
| 690 | @aH319.4 | |
| 690 | @aH319.5@v3 | |
| 701 | 1 | @a西格尔@AXI GE ER@bE.@4著 |
| 701 | A1 | @aSegal@bE.@4著 |
| 701 | 0 | @aE·西格尔@AE·xi ge er@4著 |
| 702 | 0 | @a舒今@ASHU JIN@4译 |
| 801 | 0 | @aCN@bNLC@c20060607 |
| 905 | @dH319.4@e402 | |
| 爱情故事:改写本/(美)E·西格尔著/舒 今译.-上海:上海译文出版社,1989.4 |
| 277页;19cm.-(英汉对照世界文学丛书;第六辑) |
| ISBN 7-5327-0197-2:CNY2.80 |
| ● |
| 相关链接 |
|
|
|
|
正题名:爱情故事
索取号:H319.4/402
 
预约/预借
| 序号 | 登录号 | 条形码 | 馆藏地/架位号 | 状态 | 备注 |
| 1 | 0058606 | 001422142 | 第四借阅区/ [索取号:H319.4/402] | 在馆 | |
| 2 | 0058608 | 001422115 | 第四借阅区/ [索取号:H319.4/402] | 在馆 | |
| 3 | 0068564 | 001422151 | 第四借阅区/ [索取号:H319.4/402] | 在馆 | |
| 4 | 0123695 | 001422124 | 第四借阅区/ [索取号:H319.4/402] | 在馆 | |
| 5 | 0221023 | 001078158 | 密集书库/ [索取号:H319.4/402] | 在馆 | |
| 6 | 0221024 | 001078167 | 第四借阅区/ [索取号:H319.4/402] | 在馆 | |
| 7 | 0221025 | 001510332 | 第四借阅区/ [索取号:H319.4/402] | 在馆 | |
| 8 | 0221026 | 001142383 | 第四借阅区/ [索取号:H319.4/402] | 在馆 | |
| 9 | 0221027 | 001078096 | 第二样本阅览室/ [索取号:H319.4/402] | 在馆 | |
| 10 | 0420678 | 204206787 | 密集书库/ [索取号:H319.4/402] | 在馆 |